Examples of the Design of Buildings to CP110 and Allied Codes (Record no. 68991)

MARC details
000 -LEADER
fixed length control field 00598nam a22002057a 4500
003 - CONTROL NUMBER IDENTIFIER
control field PK-NaQUE
005 - DATE AND TIME OF LATEST TRANSACTION
control field 20251201104644.0
008 - FIXED-LENGTH DATA ELEMENTS--GENERAL INFORMATION
fixed length control field 251201b ||||| |||| 00| 0 eng d
020 ## - INTERNATIONAL STANDARD BOOK NUMBER
International Standard Book Number 0721010911
040 ## - CATALOGING SOURCE
Transcribing agency QUEST
082 ## - DEWEY DECIMAL CLASSIFICATION NUMBER
Classification number 690REY
100 ## - MAIN ENTRY--PERSONAL NAME
Personal name Reynolds, Chalres E.
245 ## - TITLE STATEMENT
Title Examples of the Design of Buildings to CP110 and Allied Codes
260 ## - PUBLICATION, DISTRIBUTION, ETC. (IMPRINT)
Place of publication, distribution, etc S.L
Name of publisher, distributor, etc View Point Publications,
Date of publication, distribution, etc 1978.
300 ## - PHYSICAL DESCRIPTION
Extent 322p. ;
650 ## - SUBJECT ADDED ENTRY--TOPICAL TERM
Topical term or geographic name as entry element Building Design-Codes
700 ## - ADDED ENTRY--PERSONAL NAME
Personal name Steedman, James C.
856 ## - ELECTRONIC LOCATION AND ACCESS
Uniform Resource Identifier <a href="http://10.10.170.122:8080/browse/book/29010">http://10.10.170.122:8080/browse/book/29010</a>
Link text Download eBook
942 ## - ADDED ENTRY ELEMENTS (KOHA)
Koha item type Books
Source of classification or shelving scheme Dewey Decimal Classification
Holdings
Withdrawn status Lost status Damaged status Not for loan Home library Current library Date acquired Cost, normal purchase price Total Checkouts Full call number Barcode Date last seen Price effective from Koha item type
        Central Library, QUEST, Nawabshah Central Library, QUEST, Nawabshah 08/04/2015 420.00   690REY 8825 01/12/2025   Books
        Reference Section Reference Section 08/04/2015 420.00   690 (Shelf - 93C) 8824 01/12/2025 01/12/2025 Books